00337nam a2200133Ia 4500003000400000005001700004008004100021040001800062041000800080100004900088110001200137245003400149260002000183OSt20230531110738.0211028s2013 xx 000 0 und d cAIMIT LIBRARY aeng aFernandes, Jyothsna Carol; Ruban, S.e111909 aRuban S aOnline budgeting application. aMangalorec2013